<?xml version="1.0" encoding="UTF-8"?>
<marc:record xmlns:marc="http://www.loc.gov/MARC21/slim" type="Bibliographic">
   <marc:leader>00000pam a2200000 c 4500</marc:leader>
   <marc:controlfield tag="001">973297980</marc:controlfield>
   <marc:controlfield tag="003">DE-101</marc:controlfield>
   <marc:controlfield tag="005">20171203173458.0</marc:controlfield>
   <marc:controlfield tag="007">tu</marc:controlfield>
   <marc:controlfield tag="008">050104s2005    gw ||||| |||| 00||||ger  </marc:controlfield>
   <marc:datafield ind1=" " ind2=" " tag="015">
      <marc:subfield code="a">05,A13,1990</marc:subfield>
      <marc:subfield code="z">05,N05,1963</marc:subfield>
      <marc:subfield code="2">dnb</marc:subfield>
   </marc:datafield>
   <marc:datafield ind1="7" ind2=" " tag="016">
      <marc:subfield code="2">DE-101</marc:subfield>
      <marc:subfield code="a">973297980</marc:subfield>
   </marc:datafield>
   <marc:datafield ind1=" " ind2=" " tag="020">
      <marc:subfield code="a">9783462034622</marc:subfield>
      <marc:subfield code="c">Pp. : EUR 13.00 (DE), EUR 13.40 (AT), sfr 23.60</marc:subfield>
      <marc:subfield code="9">978-3-462-03462-2</marc:subfield>
   </marc:datafield>
   <marc:datafield ind1=" " ind2=" " tag="020">
      <marc:subfield code="a">3462034626</marc:subfield>
      <marc:subfield code="c">Pp. : EUR 13.00 (DE), EUR 13.40 (AT), sfr 23.60</marc:subfield>
      <marc:subfield code="9">3-462-03462-6</marc:subfield>
   </marc:datafield>
   <marc:datafield ind1="3" ind2=" " tag="024">
      <marc:subfield code="a">9783462034622</marc:subfield>
   </marc:datafield>
   <marc:datafield ind1=" " ind2=" " tag="035">
      <marc:subfield code="a">(DE-599)DNB973297980</marc:subfield>
   </marc:datafield>
   <marc:datafield ind1=" " ind2=" " tag="035">
      <marc:subfield code="a">(OCoLC)265668523</marc:subfield>
   </marc:datafield>
   <marc:datafield ind1=" " ind2=" " tag="040">
      <marc:subfield code="a">1145</marc:subfield>
      <marc:subfield code="b">ger</marc:subfield>
      <marc:subfield code="c">DE-101</marc:subfield>
      <marc:subfield code="d">9999</marc:subfield>
   </marc:datafield>
   <marc:datafield ind1=" " ind2=" " tag="041">
      <marc:subfield code="a">ger</marc:subfield>
   </marc:datafield>
   <marc:datafield ind1=" " ind2=" " tag="044">
      <marc:subfield code="c">XA-DE-NW</marc:subfield>
   </marc:datafield>
   <marc:datafield ind1="7" ind2="4" tag="082">
      <marc:subfield code="a">830</marc:subfield>
      <marc:subfield code="a">B</marc:subfield>
      <marc:subfield code="q">DE-101</marc:subfield>
      <marc:subfield code="2">22sdnb</marc:subfield>
   </marc:datafield>
   <marc:datafield ind1=" " ind2=" " tag="090">
      <marc:subfield code="a">b</marc:subfield>
   </marc:datafield>
   <marc:datafield ind1="1" ind2=" " tag="100">
      <marc:subfield code="0">(DE-588)118603140</marc:subfield>
      <marc:subfield code="0">http://d-nb.info/gnd/118603140</marc:subfield>
      <marc:subfield code="0">(DE-101)118603140</marc:subfield>
      <marc:subfield code="a">Roth, Joseph</marc:subfield>
      <marc:subfield code="d">1894-1939</marc:subfield>
      <marc:subfield code="e">Verfasser</marc:subfield>
      <marc:subfield code="4">aut</marc:subfield>
   </marc:datafield>
   <marc:datafield ind1="0" ind2="0" tag="245">
      <marc:subfield code="a">Radetzkymarsch</marc:subfield>
      <marc:subfield code="b">Roman</marc:subfield>
      <marc:subfield code="c">Joseph Roth</marc:subfield>
   </marc:datafield>
   <marc:datafield ind1=" " ind2=" " tag="250">
      <marc:subfield code="a">1. Aufl.</marc:subfield>
   </marc:datafield>
   <marc:datafield ind1=" " ind2=" " tag="259">
      <marc:subfield code="a">11</marc:subfield>
   </marc:datafield>
   <marc:datafield ind1=" " ind2="1" tag="264">
      <marc:subfield code="a">[Köln]</marc:subfield>
      <marc:subfield code="b">Kiepenheuer und Witsch</marc:subfield>
      <marc:subfield code="c">2005</marc:subfield>
   </marc:datafield>
   <marc:datafield ind1=" " ind2=" " tag="300">
      <marc:subfield code="a">416 S.</marc:subfield>
      <marc:subfield code="c">21 cm</marc:subfield>
   </marc:datafield>
   <marc:datafield ind1=" " ind2=" " tag="336">
      <marc:subfield code="a">Text</marc:subfield>
      <marc:subfield code="b">txt</marc:subfield>
      <marc:subfield code="2">rdacontent</marc:subfield>
   </marc:datafield>
   <marc:datafield ind1=" " ind2=" " tag="337">
      <marc:subfield code="a">ohne Hilfsmittel zu benutzen</marc:subfield>
      <marc:subfield code="b">n</marc:subfield>
      <marc:subfield code="2">rdamedia</marc:subfield>
   </marc:datafield>
   <marc:datafield ind1=" " ind2=" " tag="338">
      <marc:subfield code="a">Band</marc:subfield>
      <marc:subfield code="b">nc</marc:subfield>
      <marc:subfield code="2">rdacarrier</marc:subfield>
   </marc:datafield>
   <marc:datafield ind1=" " ind2=" " tag="520">
      <marc:subfield code="a">Joseph Roths erster internationaler Erfolgsroman - jetzt als Sonderausgabe &gt;Ich habe die merkwürdige Familie der Trottas, von denen ich in meinem Buch Radetzkymarsch berichten will, gekannt und geliebt, die Spartaner unter den Österreichern. An ihrem Aufstieg, an ihrem Untergang glaube ich den Willen jener unheimlichen Macht erkennen zu dürfen, die am Schicksal eines Geschlechts das einer historischen Gewalt deutet.&lt; In diesem großen Roman, der 1932 zum ersten Mal erschienen ist und ihn international berühmt machte, erzählt Joseph Roth vom Untergang der k.u.k.-Monarchie Österreich-Ungarn am Beispiel der Familie Trotta - das wechselvolle Schicksal dreier Generationen und den Niedergang einer ganzen Familie. &gt;&gt;Radetzkymarsch&lt; ist das schönste Buch der Welt. Das traurigste. Sentimentalste. Wundersamste. Es ist ein Wunder.&lt; Volker Weidermann, FAZ &gt;Ich bin ein Franzose aus dem Osten, ein Humanist, ein Rationalist mit Religion, ein Katholik mit jüdischem Gehirn, ein wirklicher Revolutionär ... Ich bin einer von denjenigen, die man Lyriker nennt, oder Narren, oder Bettler, oder alles zugleich.&lt; Joseph Roth</marc:subfield>
   </marc:datafield>
   <marc:datafield ind1=" " ind2="7" tag="650">
      <marc:subfield code="0">(DE-588)4043375-4</marc:subfield>
      <marc:subfield code="0">http://d-nb.info/gnd/4043375-4</marc:subfield>
      <marc:subfield code="0">(DE-101)040433757</marc:subfield>
      <marc:subfield code="a">Offizier</marc:subfield>
      <marc:subfield code="2">gnd</marc:subfield>
   </marc:datafield>
   <marc:datafield ind1=" " ind2="7" tag="650">
      <marc:subfield code="0">(DE-588)4055743-1</marc:subfield>
      <marc:subfield code="0">http://d-nb.info/gnd/4055743-1</marc:subfield>
      <marc:subfield code="0">(DE-101)04055743X</marc:subfield>
      <marc:subfield code="a">Sozialer Aufstieg</marc:subfield>
      <marc:subfield code="2">gnd</marc:subfield>
   </marc:datafield>
   <marc:datafield ind1=" " ind2="7" tag="650">
      <marc:subfield code="0">(DE-588)4000464-8</marc:subfield>
      <marc:subfield code="0">http://d-nb.info/gnd/4000464-8</marc:subfield>
      <marc:subfield code="0">(DE-101)040004643</marc:subfield>
      <marc:subfield code="a">Adel</marc:subfield>
      <marc:subfield code="2">gnd</marc:subfield>
   </marc:datafield>
   <marc:datafield ind1=" " ind2="7" tag="651">
      <marc:subfield code="0">(DE-588)4075613-0</marc:subfield>
      <marc:subfield code="0">http://d-nb.info/gnd/4075613-0</marc:subfield>
      <marc:subfield code="0">(DE-101)040756130</marc:subfield>
      <marc:subfield code="a">Österreich-Ungarn</marc:subfield>
      <marc:subfield code="2">gnd</marc:subfield>
   </marc:datafield>
   <marc:datafield ind1=" " ind2=" " tag="653">
      <marc:subfield code="a">(VLB-PF)BB: Gebunden</marc:subfield>
   </marc:datafield>
   <marc:datafield ind1=" " ind2=" " tag="653">
      <marc:subfield code="a">(VLB-WI)1: Hardcover, Softcover, Karte</marc:subfield>
   </marc:datafield>
   <marc:datafield ind1=" " ind2=" " tag="653">
      <marc:subfield code="a">(VLB-WG)111: Belletristik / Romane, Erzählungen</marc:subfield>
   </marc:datafield>
   <marc:datafield ind1=" " ind2="7" tag="655">
      <marc:subfield code="0">(DE-588)1071854844</marc:subfield>
      <marc:subfield code="0">http://d-nb.info/gnd/1071854844</marc:subfield>
      <marc:subfield code="0">(DE-101)1071854844</marc:subfield>
      <marc:subfield code="a">Fiktionale Darstellung</marc:subfield>
      <marc:subfield code="2">gnd-content</marc:subfield>
   </marc:datafield>
   <marc:datafield ind1=" " ind2="7" tag="655">
      <marc:subfield code="a">Belletristische Darstellung</marc:subfield>
      <marc:subfield code="2">gnd</marc:subfield>
   </marc:datafield>
   <marc:datafield ind1="0" ind2="0" tag="689">
      <marc:subfield code="0">(DE-588)4075613-0</marc:subfield>
      <marc:subfield code="0">http://d-nb.info/gnd/4075613-0</marc:subfield>
      <marc:subfield code="0">(DE-101)040756130</marc:subfield>
      <marc:subfield code="D">g</marc:subfield>
      <marc:subfield code="a">Österreich-Ungarn</marc:subfield>
   </marc:datafield>
   <marc:datafield ind1="0" ind2="1" tag="689">
      <marc:subfield code="0">(DE-588)4043375-4</marc:subfield>
      <marc:subfield code="0">http://d-nb.info/gnd/4043375-4</marc:subfield>
      <marc:subfield code="0">(DE-101)040433757</marc:subfield>
      <marc:subfield code="D">s</marc:subfield>
      <marc:subfield code="a">Offizier</marc:subfield>
   </marc:datafield>
   <marc:datafield ind1="0" ind2="2" tag="689">
      <marc:subfield code="0">(DE-588)4055743-1</marc:subfield>
      <marc:subfield code="0">http://d-nb.info/gnd/4055743-1</marc:subfield>
      <marc:subfield code="0">(DE-101)04055743X</marc:subfield>
      <marc:subfield code="D">s</marc:subfield>
      <marc:subfield code="a">Sozialer Aufstieg</marc:subfield>
   </marc:datafield>
   <marc:datafield ind1="0" ind2="3" tag="689">
      <marc:subfield code="0">(DE-588)4000464-8</marc:subfield>
      <marc:subfield code="0">http://d-nb.info/gnd/4000464-8</marc:subfield>
      <marc:subfield code="0">(DE-101)040004643</marc:subfield>
      <marc:subfield code="D">s</marc:subfield>
      <marc:subfield code="a">Adel</marc:subfield>
   </marc:datafield>
   <marc:datafield ind1="0" ind2="4" tag="689">
      <marc:subfield code="A">f</marc:subfield>
      <marc:subfield code="a">Belletristische Darstellung</marc:subfield>
   </marc:datafield>
   <marc:datafield ind1="0" ind2=" " tag="689">
      <marc:subfield code="5">DE-101</marc:subfield>
      <marc:subfield code="5">DE-101</marc:subfield>
   </marc:datafield>
   <marc:datafield ind1=" " ind2=" " tag="850">
      <marc:subfield code="a">DE-101a</marc:subfield>
      <marc:subfield code="a">DE-101b</marc:subfield>
   </marc:datafield>
   <marc:datafield ind1="r" ind2=" " tag="925">
      <marc:subfield code="a">ra</marc:subfield>
   </marc:datafield>
</marc:record>
